Object detection for automated driving

Enregistré dans:
Détails bibliographiques
Auteur principal: Pašek, Rastislav (Auteur)
Autres auteurs: Masaryková, Nina (Directeur de thèse)
Format: Manuscrit Livre
Langue:slovaque
anglais
Publié: 2025
Sujets:
Accès en ligne:http://is.stuba.sk/zp/portal_zp.pl?podrobnosti=175341
Tags: Ajouter un tag
Pas de tags, Soyez le premier à ajouter un tag!

MARC

LEADER 00000ntm a22000003a 4500
001 stuzp102928
003 SK-STU
005 20250614211832.6
007 ta
008 150427s2015----xo-----f-mn---000-0-slo-d
040 |a STU  |b slo 
041 0 |a eng 
100 1 |a Pašek, Rastislav  |u 070400  |4 aut  |U FIIT Fakulta informatiky a informačných technológií  |T FIIT Ústav počítačového inžinierstva a aplikovanej informatiky  |X 120862  |U I400  |Y 672  |7 120862 
242 0 1 |a Detekcia objektov v doméne autonómnej dopravy  |y slo 
245 1 0 |a Object detection for automated driving 
260 |c 2025 
650 4 |a Automated driving  |2 eng 
650 4 |a Computer vision  |2 eng 
650 4 |a Adverse weather conditions  |2 eng 
650 4 |a Autonomous driving  |2 eng 
650 4 |a Object detection  |2 eng 
650 4 |a Počítačové videnie  |2 slo 
650 4 |a Detekcia objektov  |2 slo 
650 4 |a Autonómna doprava  |2 slo 
700 1 |a Masaryková, Nina  |u 070400  |k Z3  |4 ths  |U FIIT Fakulta informatiky a informačných technológií  |T FIIT Ústav počítačového inžinierstva a aplikovanej informatiky  |X 96959  |U I400  |Y 672  |7 96959 
856 4 |u http://is.stuba.sk/zp/portal_zp.pl?podrobnosti=175341